000 00912nam a2200229 4500
001 1926
005 20181127164229.0
010 0 0 _a
020 0 0 _a
090 0 0 _a658.4013 D7949r 2011
245 0 0 _aReport on the performance appraisal of Druk Air /
_b
_cPem Dorji, Tshering Choden, Yashoda Sharma Suberi, Tshewang Yeden.
_h
250 0 0 _a
260 0 0 _a[Thimphu] :
_b[Royal Thimphu College],
_c2011.
300 0 0 _a18 leaves.
500 _aStudent research project for Module 503: Applying Research Methods in Business (Fall 2011); Swati Chakraborty, lecturer.
500 0 0 _aSpiral-bound xerographic copy.
540 _aNo photocopying. In library use only.
_c
_d
_u
610 _aDrukair Corporation Limited.
_b
_c
_d
_e
_f
_g
_k
_l
_m
_n
_o
_p
_r
_s
_t
_v
_x
_y
_z
_2
650 0 0 _aCorporations --Evaluation.
_x
650 0 0 _aIndustrial efficiency --Measurement.
_x
650 0 0 _aOrganizational effectiveness --Measurement.
_x
999 _c1480
_d1480